Welcome to WEB OPAC of MRSPTU Central Library

Eagles' computer programming using C language (Record no. 7654)

MARC details
000 -LEADER
fixed length control field 00397nam a2200157Ia 4500
008 - FIXED-LENGTH DATA ELEMENTS--GENERAL INFORMATION
fixed length control field 230711s9999||||xx |||||||||||||| ||und||
041 ## - LANGUAGE CODE
Language code of text/sound track or separate title ENG
082 ## - DEWEY DECIMAL CLASSIFICATION NUMBER
Classification number 4
Item number AR-C
100 ## - MAIN ENTRY--PERSONAL NAME
Personal name Arora,Vipan
245 #0 - TITLE STATEMENT
Title Eagles' computer programming using C language
250 ## - EDITION STATEMENT
Edition statement 7th Ed.
260 ## - PUBLICATION, DISTRIBUTION, ETC.
Date of publication, distribution, etc. 2012
Place of publication, distribution, etc. Jalandhar
Name of publisher, distributor, etc. Eagles Prakashan Regd
300 ## - PHYSICAL DESCRIPTION
Extent 336p.
650 ## - SUBJECT ADDED ENTRY--TOPICAL TERM
Topical term or geographic name entry element Computer Engineering
942 ## - ADDED ENTRY ELEMENTS (KOHA)
Koha item type Book
Holdings
Withdrawn status Lost status Damaged status Not for loan Collection Home library Current library Date acquired Cost, normal purchase price Total checkouts Full call number Barcode Date last seen Price effective from Koha item type
          MRSPTU Central Library MRSPTU Central Library   188.00   4 AR-C PW31 08/17/2023 08/17/2023 Book
          MRSPTU Central Library MRSPTU Central Library   188.00   4 AR-C PW32 08/17/2023 08/17/2023 Book
          MRSPTU Central Library MRSPTU Central Library   188.00   4 AR-C PW33 08/17/2023 08/17/2023 Book
          MRSPTU Central Library MRSPTU Central Library   188.00   4 AR-C PW34 08/17/2023 08/17/2023 Book
          MRSPTU Central Library MRSPTU Central Library   188.00   4 AR-C PW35 08/17/2023 08/17/2023 Book
          MRSPTU Central Library MRSPTU Central Library   188.00   4 AR-C PW36 08/17/2023 08/17/2023 Book
          MRSPTU Central Library MRSPTU Central Library   188.00   4 AR-C PW37 08/17/2023 08/17/2023 Book
          MRSPTU Central Library MRSPTU Central Library   188.00   4 AR-C PW38 08/17/2023 08/17/2023 Book
          MRSPTU Central Library MRSPTU Central Library   188.00   4 AR-C PW39 08/17/2023 08/17/2023 Book
          MRSPTU Central Library MRSPTU Central Library   188.00   4 AR-C PW40 08/17/2023 08/17/2023 Book

Website Designed and Developed by MRSPTU Central Library Team

E-mail Id: librarian@mrsptu.ac.in